Football par lettre - K - Statistiques

Statistiques générales
  • Ce quiz a été pris 234 fois
  • Le résultat moyen est 14 sur 20
Statistiques - réponses
Hint Réponse % Correct
Ballon d'or dont le nom fait beaucoup rire les francophones Kaka
98%
Il est petit, il est gentil, il a stoppé Leo Messi N'golo Kanté
98%
Lors de la CDM 2022, toute la défense sud-coréenne portait ce nom Kim
96%
Defenseur sénégalais qui a passé une grande partie de sa carrière à Naples avant de rejoindre Chelsea Kalidou Koulibaly
92%
Maestro selon la chanson de Vegedream Presnel Kimpembe
90%
La France serait championne du monde si Martinez n'avait pas arreté sa frappe Randal Kolo Muani
89%
Meilleur buteur de l'histoire de la CDM Miroslav Klose
87%
Partie du stade où se rassemblent les plus fervents supporters Kop
85%
Il fait la paire avec Virgil Van Dijk à Liverpool Ibrahima Konaté
84%
Défenseur réputé pour ses coups francs, il est désormais sélectionneur des Pays Bas Ronald Koeman
78%
Champion du monde 1998 qui a épousé une célèbre mannequin Christian Karembeu
77%
Il a coaché Mayence avant de remporter le championnat avec Dortmund Jürgen Klopp
71%
Joueur guinéen passé par Liverpool et Breme Naby Keita
62%
Dernier membre à avoir rejoint l'UEFA Kosovo
61%
Au Bayern, il portait le numéro 32 jusqu'au départ de Thiago Joshua Kimmich
60%
Ancienne gloire du Milan dont le fils a joué à Rome, Leipzig et Nice Patrick Kluivert
59%
Footballeur congolais notamment passé par Amiens, Lens et Séville Gael Kakuta
36%
Club allemand abrégé en FCK et surnommé "les diables rouges" Kaiserslautern
33%
Exclave russe qui a accueilli des matchs de la CDM 2018 Kaliningrad
29%
Acronyme qu'on retrouve sur le blason de l'equipe nationale neerlandaise KNVB
9%
Aucun quiz correspondant
Distribution des résultats
% des personnes avec chaque résultat
Percentile par nombre de réponses
Votre historique - résultats
Vous n’avez pas pris ce quiz